|
|
|
|
| LEADER |
01402nam a2200421 a 4500 |
| 001 |
001277866 |
| 003 |
CZ BrMZK |
| 005 |
20130301111619.0 |
| 007 |
ta |
| 008 |
130206s2001 xo e f 000 0cslo |
| 020 |
|
|
|a 80-8061-056-8
|q (váz.)
|
| 040 |
|
|
|a BOA001
|b cze
|
| 072 |
|
7 |
|a 94(100)
|x Světové dějiny
|2 Konspekt
|9 8
|
| 072 |
|
7 |
|a 929
|x Biografie
|2 Konspekt
|9 8
|
| 080 |
|
|
|a 929
|2 MRF
|
| 080 |
|
|
|a 930.1
|2 MRF
|
| 080 |
|
|
|a 94(100)
|2 MRF
|
| 080 |
|
|
|a (0:82-94)
|2 MRF
|
| 080 |
|
|
|a (0:82-32)
|2 MRF
|
| 080 |
|
|
|a (0.062)
|2 MRF
|
| 100 |
1 |
|
|a Švihran, Ladislav,
|d 1931-2022
|7 jk01131953
|4 aut
|
| 245 |
1 |
0 |
|a Hviezdne okamihy /
|c Ladislav Švihran
|
| 250 |
|
|
|a 1. vyd.
|
| 260 |
|
|
|a [Bratislava] :
|b Vydavateľstvo Spolku slovenských spisovateľov,
|c c2001
|
| 300 |
|
|
|a 118 s. ;
|c 21 cm
|
| 490 |
1 |
|
|a Próza
|
| 504 |
|
|
|a Obsahuje bibliografii
|
| 650 |
0 |
7 |
|a osobnosti
|7 ph115615
|2 czenas
|
| 650 |
0 |
7 |
|a osobnost v dějinách
|7 ph123834
|2 czenas
|
| 650 |
0 |
7 |
|a světové dějiny
|7 ph117271
|2 czenas
|
| 655 |
|
7 |
|a portréty
|7 fd133099
|2 czenas
|
| 655 |
|
7 |
|a příběhy
|7 fd133204
|2 czenas
|
| 655 |
|
7 |
|a populárně-naučné publikace
|7 fd131864
|2 czenas
|
| 830 |
|
0 |
|a Próza (Vydavateľstvo Spolku slovenských spisovateľov)
|
| 910 |
2 |
|
|a BOA001
|b 2-1299.369
|
| 990 |
|
|
|a BK
|
| 991 |
|
|
|b 201303
|e n
|
| 996 |
7 |
|
|b 2610538290
|c 2-1299.369
|l MZK
|r Sklad / do 1 hodiny
|n 0
|p dar
|w 001312590
|u 000010
|a 1
|e BOA001
|j MZK50
|s A
|